01015nam a2200253 a 4500001001000000003000500010005001700015008004100032010001100073011001100084040000900095100002800104245021200132260004100344500006000385502007500445650002300520650003000543650004300573650002600616700003300642856001600675856007000691000114692CHAP20250827095647.0180320s2017 mx |sm |||||||spa d a111153 a112125 cCHAP1 aBeltrán Ortega, Diego10aUtilización de grasa animal o semilla de algodón en alimento de ovejas sobre parámetros reproductivos, sanguíneos y productivosh[En línea]cpor Diego Beltrán Ortega y Ander Guzmán Rodríguez. aChapingo, Méx. :bEl autor,c2017. aPara ver el contenido del material haga clic en la liga aTesis (Ing. Agr. Esp. en Zootecnia) -- UACH. Departamento de Zootecnia14aAlgodónxSemilla14aGanado lanarxFecundidad.12aGanado lanarxNutriciónxSuplementos14aGanado lanarxSangre.1 aGuzmán Rodríguez, Ander. a1 n0000903 aFinding aiduhttp://10.13.5.2/tesis/sist114692.pdfzTeclea aquí